| 000 | 00673nam a2200193 i 4500 | ||
|---|---|---|---|
| 001 | 50148 | ||
| 003 | ES-MaACL | ||
| 005 | 20250905140936.0 | ||
| 007 | t| | ||
| 008 | 030731s1918 sp ||||1| spa d | ||
| 245 | 0 | 0 |
_aCrónica de Alfonso III / _cedición preparada por Zacarías García Villada. |
| 260 |
_aMadrid : _bSucesores de Rivadeneyra, _c1918. |
||
| 300 |
_a155 p., ; _c21 cm. |
||
| 594 | _aPrecede al tít.: Junta para Ampliación de Estudios... Centro de Estudios Historicos. | ||
| 651 | 4 |
_aAsturias (Reino)- _xHistoria- _vFuentes. _9146019 |
|
| 700 | 1 |
_aGarcía Villada, Zacarías, _d1879-1936 _955406 |
|
| 852 |
_aES-MaACL _jA-489 |
||
| 999 |
_c50148 _d50148 |
||